000 01193cam a2200361 i 4500
001 17665025
003 OSt
005 20230707041538.0
008 130319s2013 nyua b 001 0 eng
010 _a 2013005121
020 _a9780199764419 (hbk. : acidfree paper)
040 _aDLC
_beng
_cNIRUC
_erda
_dDLC
042 _apcc
050 0 0 _aPN51
_b.O95 2013
082 0 0 _a809/.93358
_223
130 _aThe Oxford handbook of propaganda studies
245 0 4 _aThe Oxford handbook of propaganda studies /
_cedited by Jonathan Auerbach and Russ Castronovo.
246 3 0 _aPropaganda studies
264 1 _aNew York :
_bOxford University Press,
_c[2013]
300 _axii, 468 p. :
_bill. ;
_c26 cm
336 _atext
337 _aunmediated
338 _avolume
504 _aIncludes bibliographical references and index.
650 0 _aLiterature in propaganda
_vHandbooks, manuals, etc.
650 0 _aPersuasion (Rhetoric) in literature.
650 0 _aMass media and propaganda.
650 0 _aLiterature and society.
700 1 _aAuerbach, Jonathan,
_d1954-
700 1 _aCastronovo, Russ,
_d1965-
906 _a7
_bcbc
_corignew
_d1
_eecip
_f20
_gy-gencatlg
942 _2lcc
_cREF
_n0
999 _c140
_d140